000 01337nam a2200373 u 4500
001 000020472
003 DO-SdBNP
005 20171108083645.0
007 000020472
008 100809s1993 dr r 000 0 spa d
040 _aBPMSU
_bspa
_cBPMSU
082 0 4 _aRD862.44
_bD671o
100 1 _aDomínguez, Franklin
_d1931-
245 1 0 _aObras premiadas /
_cFranklin Domínguez. ; edición Avelino Stanley
260 _aSanto Domingo :
_bBiblioteca Nacional,
_c1993.
300 _a313 p. ;
_c22 cm.
490 1 _aPublicaciones de la Biblioteca Nacional. Orfeo
490 1 _aTeatro
_v 2
500 _aIncluye datos biográficos del autor en la solapa de la cubierta
500 _a2da. etapa
505 _aLos borrachos --
_tEl primer voluntari de junio --
_tLisístrata odia la política --
_tDrogas--
_tOmar y los demás
650 4 _aTEATRO DOMINICANO
650 4 _aLITERATURA DOMINICANA
700 1 _4Stanley, Avelino
_aed.
830 0 _aPublicaciones de la Biblioteca Nacional . Orfeo
830 0 _aTeatro
_n; 2
910 _aValidado. Control de calidad MFF
930 1 _lBND01
_mLF1
_820110303
_f01
_pCT
_g17152
942 _2ddc
_cBK
945 _aInventariado, 2017/MFF
956 _aIGARCIA
_b10
_c20100810
_lBND01
_h1513
956 _aVMATEO
_b10
_c20150306
_lBND01
_h00151
956 _aVMATEO
_b10
_c20150712
_lBPMSU
_h00151
999 _c7565
_d7565